000 00654nam a2200217Ia 4500
003 OSt
005 20230616151054.0
008 210423s2011 xx 000 0 und d
020 _a978-0-07-175603-7
040 _cAL
041 _aeng
082 _a515.63
_223
_bKAYT
100 _aKAY (David C)
_997065
245 _aSchaums outlines tensor calculus: 300 fully solved problems
260 _aNew York
_bMcGrawhill Education
_c2011
300 _avi,228
_bPB
365 _b2099.41
_cUSD
650 _aMathematical Analysis
_997066
906 _a300 ; calculus ; calculus: ; fully ; outlines ; problems ; Schaums ; solved ; tensor
942 _2ddc
_cBK
999 _c170784
_d170784